|
|
|
|
| LEADER |
01727nam a2200433Ia 4500 |
| 001 |
EBC1365206 |
| 003 |
MiAaPQ |
| 005 |
20200520144314.0 |
| 006 |
m o d | |
| 007 |
cr cn||||||||| |
| 008 |
130129s2013 caua sb 000 0 eng d |
| 010 |
|
|
|z 2013003796
|
| 020 |
|
|
|z 9780833079107 (pbk. : alk. paper)
|
| 020 |
|
|
|z 9780833079138
|
| 035 |
|
|
|a (MiAaPQ)EBC1365206
|
| 035 |
|
|
|a (Au-PeEL)EBL1365206
|
| 035 |
|
|
|a (CaPaEBR)ebr10678747
|
| 035 |
|
|
|a (OCoLC)826458627
|
| 040 |
|
|
|a MiAaPQ
|c MiAaPQ
|d MiAaPQ
|
| 043 |
|
|
|a n-us---
|
| 050 |
|
4 |
|a HD9502.U52
|b S25 2013
|
| 082 |
0 |
4 |
|a 355.7068/2
|2 23
|
| 100 |
1 |
|
|a Samaras, Constantine.
|
| 245 |
1 |
0 |
|a Capabilities-based planning for energy security at Department of Defense installations
|h [electronic resource] /
|c Constantine Samaras, Henry H. Willis.
|
| 260 |
|
|
|a Santa Monica, Calif. :
|b RAND Corporation,
|c 2013.
|
| 300 |
|
|
|a xx, 40 p. :
|b ill.
|
| 500 |
|
|
|a "RAND Homeland Security and Defense Center."
|
| 500 |
|
|
|a "RR-162-RC"--Page [4] of cover.
|
| 504 |
|
|
|a Includes bibliographical references.
|
| 533 |
|
|
|a Electronic reproduction. Ann Arbor, MI : ProQuest, 2015. Available via World Wide Web. Access may be limited to ProQuest affiliated libraries.
|
| 610 |
1 |
0 |
|a United States.
|b Department of Defense
|x Energy consumption.
|
| 610 |
1 |
0 |
|a United States.
|b Department of Defense
|x Energy conservation.
|
| 650 |
|
0 |
|a Strategic planning
|z United States.
|
| 650 |
|
0 |
|a Energy policy
|z United States.
|
| 655 |
|
4 |
|a Electronic books.
|
| 700 |
1 |
|
|a Willis, Henry H.
|
| 710 |
2 |
|
|a RAND Homeland Security and Defense Center.
|
| 710 |
2 |
|
|a ProQuest (Firm)
|
| 856 |
4 |
0 |
|u https://ebookcentral.proquest.com/lib/matrademy/detail.action?docID=1365206
|z Click to View
|